| 000 | 00000nam##2200000za#4500 |
| 001 | 9.602160 |
| 003 | CaOODSP |
| 005 | 20250319165106 |
| 007 | cr ||||||||||| |
| 008 | 150406|2002||||xxc|||||o f|0| 0 fre|d |
| 040 | |aCaOODSP|bfre |
| 043 | |an-cn--- |
| 086 | 1 |aNH18-23/55-8F-PDF |
| 110 | 2 |aSociété canadienne d'hypothèques et de logement. |
| 245 | 10|aÉtudes spéciales sur les données du recensement de 1996 : |h[ressource électronique]|bconditions de logement des aînés |
| 250 | |aRévisée |
| 260 | |aOttawa - Ontario : |bSociété canadienne d'hypothèques et de logement |cJuin 2002. |
| 300 | |a12p.|btableaux |
| 490 | 1 |aLe point en recherche. Série socio-économique|v55-8 |
| 504 | |aBibliographie. |
| 590 | |a11-22-Supp|b2011-10-13 |
| 691 | 07|aLogement|2gcpds |
| 691 | 07|aAîné|2gcpds |
| 775 | 08|tSpecial studies on 1996 Census data : |w(CaOODSP)9.571733 |
| 776 | 0#|tÉtudes spéciales sur les données du recensement de 1996: conditions de logement des aînés |w(CaOODSP)9.625958 |
| 830 | #0|aLe point en recherche. Série socio-économique ;|v55-8|w(CaOODSP)9.501568 |
| 856 | 40|ahttp://publications.gc.ca|qPDF|s165 Ko|uhttps://publications.gc.ca/collections/Collection/NH18-23-55-8F.pdf|y55-8 |